000 00505nam a22001932 4500
001 0000001773
005 20170406113717.0
008 140130s xx 000 0 eng d
020 _c$
040 _aYour Holding Symbol
_cYour Holding Symbol
100 1 _aMitford,Jessica.
245 1 4 _aThe American way of death.
250 _a ed.
260 _anew york :
_bsimon andschuster,
_c1963.
300 _a333 p. ;
_c cm.
504 _aindex.
650 0 _acustomes.
908 _a140130
999 _c1684
_d1684